000 01348cam a22003011i 4500
003 SA-RiAUC
005 20251229071114.0
008 251228s1963 ua g 000r0 ara c
040 _aSA-JeALM
_bara
_cSA-RiAUC
_erda
050 4 _bN39 1963
082 0 4 _a237.3
_qSA-RiAUC
090 _a237.3
_bم ر د
100 1 _aمرداد، محمد عبد الحميد،
_d1332 هجري-
_eمؤلف.
245 1 0 _aإتحاف المسلمين في تسهيل اختصار رياض الصالحين مع تفسير الآيات القرآنية وشرح الأحاديث النبوية /
_cتأليف محمد عبد الحميد مرداد.
250 _aالطبعة الأولى.
264 1 _aالقاهرة :
_bمحمد عبد الحميد مرداد،
_bمطبعة السعادة .
_c1963
300 _a333 صفحة ؛
_c24 سم
336 _aنص
_btxt
_2rdacontent
_3كتاب
337 _aبدون وسيط
_bn
_2rdamedia
630 2 7 _aالقرآن
_xتفاسير
_2aucut
650 7 _aالحديث
_xشرح
_2aucsh
650 7 _aالحديث
_xجوامع الفنون
_2aucsh
653 _aالنوادر
700 1 2 _iمختصر لـ :
_aالنووي، يحيى بن شرف بن مري،
_d631-676 هجري.
_tرياض الصالحين
730 2 2 _aالقرآن
942 _2ddc
_cBOOK
_n0
949 _aSA-JeALM
_d251228
_uosman123
_n1
999 _c13767
_d13767